| 000 | 01501nam0a2200349 i 4500 | ||
|---|---|---|---|
| 001 | RU\NLR\bibl\1992999 | ||
| 005 | 20241103013926.0 | ||
| 010 |
_a9785961422450 _93000 |
||
| 021 |
_aRU _b2012-101870 _97505 |
||
| 035 | _a(NLR Aleph) 001981487 | ||
| 090 |
_a4096812 _c4096812 |
||
| 100 | _a20130128d2012 u y0rusy50 ca | ||
| 101 | 1 |
_arus _ceng |
|
| 102 | _aRU | ||
| 105 | _aa ||||||||| | ||
| 200 | 1 |
_aИнструменты бережливого производства _eмини-руководство по внедрению методик бережливого производства _fМайкл Вэйдер _gпер. с англ.: [А. Баранов, Э. Башкардин _gЦентр Оргпром] |
|
| 205 | _a8-е изд. | ||
| 210 |
_aМосква _cАльпина Паблишерз _d2012 |
||
| 215 |
_a124 с. _cил. _d17 |
||
| 300 | _aЗагл. и авт. также на англ. яз.: Lean tools / Michael Wader | ||
| 517 | 0 |
_6z33790 _aLean tools _zeng |
|
| 606 |
_aПотери в промышленности _jСправочники _91949586 _3RU\NLR\auth\66891677 |
||
| 686 | _aУ30(0)-854я2 | ||
| 700 | 1 |
_4070 _7ca _8rus _aВэйдер _bМ. _gМайкл _9182350 _3RU\NLR\AUTH\770182401 |
|
| 790 | 1 |
_4070 _7ca _8rus _aWader _bM. _gMichael _9182364 _3RU\NLR\AUTH\770182415 |
|
| 801 | 0 |
_aRU _bNLR _c20130128 _gRCR |
|
| 801 | 1 |
_aRU _bNLR _c20130128 |
|
| 830 | _aавт. по кн. | ||
| 942 | _cBOOK | ||
| 980 | _aNBR | ||